00516cam a22002051 4500001001300000003000400013005001700017008004100034010001700075035002000092040001800112042001200130050002400142100003000166245003700196260001900233300002600252500001500278999001700293sa 68001539 DLC20260227112434.0881028s1967 xx 000 0 benr  asa 68001539  a(OCoLC)23556880 aDLCcMiUdDLC apremarc00aPK1718.M47bA6 19671 aMitra, Bimal,d1912-1991.00aBimala Mitrera galpa sambhāra. a[n.p.]c[1967] a34, 20-813 p.c23 cm. aRomanized. c78026d78026